000 01911cam a22004694i 4500
003 PE-LiUPU
005 20250731173112.0
008 190102s2018 miu r 000 0 eng
020 _a0310534364
020 _a9780310534365
035 _a(Sirsi) a251247
049 _aPRUA
082 0 4 _a261.5
_bC86
_223
100 1 _aCovington, David A.,
_d1949-,
_eautor.
245 1 2 _aA redemptive theology of art :
_brestoring godly aesthetics to doctrine and culture /
_cDavid A. Covington.
264 1 _aGrand Rapids :
_bZondervan,
_c[2018].
300 _a240 páginas ;
_c23 centímetros
336 _atext
_2rdacontent
337 _aunmediated
_2rdamedia
338 _avolume
_2rdacarrier
505 0 _aStoryboard -- Art or aesthetics? -- This Aesthetic Bible -- Aesthetic genesis: the eye of God -- The glory triad: aesthetics in context -- Distorted vision -- My distorted vision -- The aesthetic effects of sin -- The aesthetic cross -- Fairest Lord Jesus -- The aesthetic effects of redemption -- Vision redeemed and redeeming -- Glorious things: restoring godly aesthetics to doctrine and culture -- Taste and see.
526 _aSEG42
526 _aSEG41
526 _aSEG40
526 _aSEG39
526 _aP94
526 _aP87
526 _aP86
526 _aP85
526 _aP77
526 _aP76
526 _aP35
650 0 _aEstética
_xAspectos religiosos
_xCristiandad.
650 4 _aEl cristianismo y las artes.
650 0 _aCrítica, interpretación, etc.
910 _adbm
_brri
_crri
_d20190102
942 _2ddc
_cBOOK
994 _aC0
_bPEPRU
596 _a1
999 _a261.5 C86
_wDEWEY
_c30671
_i79843
_f2021-11-10
_g4
_lCCODEBUL1
_mBUL
_p14.99
_r0
_sY
_tBOOK
_u2019-1-2
_xTEOLOGIA
_PP85
_0DONACION
_1FCOMPR2
_o.STAFF. Colección Teología
_d30671
980 _81
_gALBERTO SANCHEZ Responsable de Automatización